[Event "High League 2022 men"]
[Site "Obninsk"]
[Date "2022.06.26"]
[Round "1.1"]
[White "Artemiev, Vladislav"]
[Black "Rozum, Ivan"]
[Result "1/2-1/2"]
[LiveChessVersion "1.4.7"]
[BlackElo "2530"]
[WhiteElo "2697"]

1. e4 {[%clk 1:30:47]} c6 {[%clk 1:30:53]} 2. d4 {[%clk 1:31:03]} d5
{[%clk 1:31:17]} 3. exd5 {[%clk 1:31:16]} cxd5 {[%clk 1:31:42]} 4. Bd3
{[%clk 1:31:32]} Nc6 {[%clk 1:31:31]} 5. c3 {[%clk 1:31:42]} Nf6 {[%clk 1:31:36]}
6. h3 {[%clk 1:31:32]} e5 {[%clk 1:31:15]} 7. dxe5 {[%clk 1:31:38]} Nxe5
{[%clk 1:31:41]} 8. Nf3 {[%clk 1:31:37]} Nxd3+ {[%clk 1:32:01]} 9. Qxd3
{[%clk 1:31:55]} Bd6 {[%clk 1:32:14]} 10. O-O {[%clk 1:31:35]} O-O
{[%clk 1:32:37]} 11. Be3 {[%clk 1:31:07]} Be6 {[%clk 1:31:36]} 12. Nbd2
{[%clk 1:30:46]} Qd7 {[%clk 1:31:21]} 13. Rfe1 {[%clk 1:21:10]} Rfe8
{[%clk 1:27:12]} 14. Rad1 {[%clk 1:11:13]} a6 {[%clk 1:10:24]} 15. Qd4
{[%clk 1:03:26]} Rac8 {[%clk 1:04:56]} 16. Bg5 {[%clk 0:58:36]} Bc5
{[%clk 0:55:05]} 17. Qf4 {[%clk 0:51:38]} Bd6 {[%clk 0:51:13]} 18. Qh4
{[%clk 0:45:29]} Be7 {[%clk 0:51:16]} 19. Nb3 {[%clk 0:34:00]} h6
{[%clk 0:46:42]} 20. Bxf6 {[%clk 0:33:00]} Bxf6 {[%clk 0:47:06]} 21. Qf4
{[%clk 0:32:54]} Qb5 {[%clk 0:37:16]} 22. Nfd4 {[%clk 0:28:41]} Qb6
{[%clk 0:35:52]} 23. Nc2 {[%clk 0:23:42]} Red8 {[%clk 0:23:37]} 24. Ncd4
{[%clk 0:16:48]} Re8 {[%clk 0:19:43]} 25. Qd2 {[%clk 0:09:53]} Rcd8
{[%clk 0:17:06]} 26. Re2 {[%clk 0:08:12]} Bd7 {[%clk 0:15:29]} 27. Rde1
{[%clk 0:05:13]} Rxe2 {[%clk 0:14:25]} 28. Nxe2 {[%clk 0:05:37]} Bc6
{[%clk 0:12:20]} 29. Nbd4 {[%clk 0:02:52]} Re8 {[%clk 0:12:30]} 30. Nf5
{[%clk 0:02:13]} Re5 {[%clk 0:07:22]} 31. Nfd4 {[%clk 0:01:03]} Re8
{[%clk 0:06:48]} 32. Nf5 {[%clk 0:00:52]} Re5 {[%clk 0:07:11]} 33. Nfd4
{[%clk 0:00:44]} 1/2-1/2

[Event "High League 2022 men"]
[Site "Obninsk"]
[Date "2022.06.26"]
[Round "1.2"]
[White "Kryakvin, Dmitry"]
[Black "Sjugirov, Sanan"]
[Result "0-1"]
[LiveChessVersion "1.4.7"]
[BlackElo "2696"]
[WhiteElo "2524"]

1. Nf3 {[%clk 1:30:57]} d5 {[%clk 1:29:25]} 2. d4 {[%clk 1:31:17]} Nf6
{[%clk 1:29:41]} 3. c4 {[%clk 1:31:43]} e6 {[%clk 1:29:50]} 4. g3
{[%clk 1:32:05]} Bb4+ {[%clk 1:29:16]} 5. Bd2 {[%clk 1:32:26]} a5
{[%clk 1:23:04]} 6. Bg2 {[%clk 1:30:50]} O-O {[%clk 1:23:18]} 7. O-O
{[%clk 1:28:47]} dxc4 {[%clk 1:22:27]} 8. Bg5 {[%clk 1:18:36]} h6
{[%clk 1:07:25]} 9. Bxf6 {[%clk 1:14:28]} Qxf6 {[%clk 1:06:57]} 10. a3
{[%clk 1:12:24]} Bd6 {[%clk 0:52:02]} 11. Qc2 {[%clk 0:57:58]} e5
{[%clk 0:45:46]} 12. dxe5 {[%clk 0:40:41]} Bxe5 {[%clk 0:45:42]} 13. Nxe5
{[%clk 0:41:02]} Qxe5 {[%clk 0:46:06]} 14. Qxc4 {[%clk 0:40:29]} Qxb2
{[%clk 0:38:32]} 15. Nc3 {[%clk 0:39:54]} c6 {[%clk 0:32:10]} 16. Qd4
{[%clk 0:36:35]} Qb3 {[%clk 0:29:12]} 17. Ne4 {[%clk 0:34:38]} Na6
{[%clk 0:24:46]} 18. Rfb1 {[%clk 0:31:10]} Qe6 {[%clk 0:24:44]} 19. Qc3
{[%clk 0:30:02]} a4 {[%clk 0:12:24]} 20. Rb6 {[%clk 0:25:46]} Nc7
{[%clk 0:10:28]} 21. Nc5 {[%clk 0:20:48]} Qxe2 {[%clk 0:08:49]} 22. Re1
{[%clk 0:19:02]} Nb5 {[%clk 0:06:58]} 23. Qb4 {[%clk 0:11:49]} Qg4
{[%clk 0:05:07]} 24. Qxg4 {[%clk 0:09:38]} Bxg4 {[%clk 0:05:33]} 25. Rxb7
{[%clk 0:09:29]} Nxa3 {[%clk 0:05:24]} 26. Ra1 {[%clk 0:06:08]} Ra5
{[%clk 0:04:56]} 27. Rb4 {[%clk 0:03:06]} Rxc5 {[%clk 0:00:58]} 28. Rxg4
{[%clk 0:03:13]} Nb5 {[%clk 0:01:06]} 29. Rgxa4 {[%clk 0:03:20]} g6
{[%clk 0:00:53]} 30. Ra5 {[%clk 0:03:24]} Rc8 {[%clk 0:00:50]} 31. h3 Kg7
{[%clk 0:01:04]} 32. Re1 {[%clk 0:01:23]} Rc7 {[%clk 0:01:18]} 33. h4
{[%clk 0:01:04]} g5 {[%clk 0:00:59]} 34. hxg5 {[%clk 0:01:08]} hxg5
{[%clk 0:01:28]} 35. Bh1 {[%clk 0:00:45]} Kf6 {[%clk 0:00:51]} 36. Bg2
{[%clk 0:01:08]} Rf5 {[%clk 0:01:01]} 37. Rd1 {[%clk 0:01:05]} Nd4
{[%clk 0:00:58]} 38. Rxf5+ {[%clk 0:00:36]} Nxf5 {[%clk 0:01:26]} 39. Bf1
{[%clk 0:00:33]} Ke5 {[%clk 0:00:36]} 40. Re1+ {[%clk 0:30:44]} Kd5
{[%clk 0:30:37]} 41. Bg2+ {[%clk 0:29:30]} Kd6 {[%clk 0:28:41]} 42. Rd1+
{[%clk 0:24:19]} Ke5 {[%clk 0:28:35]} 43. Kf1 {[%clk 0:16:34]} c5
{[%clk 0:23:59]} 44. Rd5+ {[%clk 0:16:43]} Kf6 {[%clk 0:24:22]} 45. Ke2
{[%clk 0:16:55]} Ne7 {[%clk 0:24:07]} 46. Rd6+ {[%clk 0:16:50]} Ke5
{[%clk 0:24:29]} 47. Rd3 {[%clk 0:14:16]} Ra7 {[%clk 0:22:26]} 48. f4+
{[%clk 0:12:50]} Kf5 {[%clk 0:21:14]} 49. fxg5 {[%clk 0:12:43]} Kxg5
{[%clk 0:21:32]} 50. Rc3 {[%clk 0:12:30]} Ra2+ {[%clk 0:17:40]} 51. Kf3
{[%clk 0:11:58]} Ra5 {[%clk 0:18:03]} 52. Ke4 {[%clk 0:11:07]} f6
{[%clk 0:15:19]} 53. Bh3 {[%clk 0:09:46]} Ra4+ {[%clk 0:13:06]} 54. Ke3
{[%clk 0:08:56]} Nd5+ {[%clk 0:13:32]} 55. Kd4 0-1

[Event "High League 2022 men"]
[Site "Obninsk"]
[Date "2022.06.26"]
[Round "1.3"]
[White "Rakhmanov, Aleksandr"]
[Black "Kezin, Roman"]
[Result "1-0"]
[LiveChessVersion "1.4.7"]
[BlackElo "2516"]
[WhiteElo "2635"]

1. d4 {[%clk 1:30:46]} d5 {[%clk 1:30:45]} 2. c4 {[%clk 1:30:46]} e6
{[%clk 1:30:43]} 3. Nc3 {[%clk 1:30:46]} c6 {[%clk 1:31:06]} 4. e4
{[%clk 1:29:08]} dxe4 {[%clk 1:30:50]} 5. Nxe4 {[%clk 1:29:31]} Bb4+
{[%clk 1:31:08]} 6. Nc3 {[%clk 1:29:37]} e5 {[%clk 1:25:06]} 7. Be3
{[%clk 1:28:43]} exd4 {[%clk 1:21:35]} 8. Qxd4 {[%clk 1:28:59]} Qxd4
{[%clk 1:21:46]} 9. Bxd4 {[%clk 1:29:22]} Nf6 {[%clk 1:22:09]} 10. Nge2
{[%clk 1:29:22]} Nbd7 {[%clk 1:08:13]} 11. O-O-O {[%clk 1:20:39]} O-O
{[%clk 0:51:43]} 12. Ng3 {[%clk 1:20:38]} Re8 {[%clk 0:08:37]} 13. Bd3
{[%clk 1:19:36]} Ne5 {[%clk 0:06:42]} 14. Bc2 {[%clk 1:05:19]} Nxc4
{[%clk 0:01:29]} 15. Bxf6 {[%clk 1:04:51]} gxf6 {[%clk 0:01:57]} 16. Nce4
{[%clk 1:04:23]} Be7 {[%clk 0:02:21]} 17. Nh5 {[%clk 1:02:33]} Kh8
{[%clk 0:02:02]} 18. Nexf6 {[%clk 1:01:37]} Rd8 {[%clk 0:02:19]} 19. Rxd8+
{[%clk 0:53:38]} Bxd8 {[%clk 0:02:47]} 20. Nxh7 {[%clk 0:52:53]} Be6
{[%clk 0:00:44]} 21. Nf4 {[%clk 0:48:41]} Bb6 {[%clk 0:01:07]} 22. Nxe6
{[%clk 0:45:57]} fxe6 {[%clk 0:01:34]} 23. Re1 {[%clk 0:42:55]} Bxf2
{[%clk 0:00:34]} 24. Rxe6 {[%clk 0:43:00]} Bd4 {[%clk 0:00:32]} 25. b3
{[%clk 0:42:12]} Ne3 {[%clk 0:00:53]} 26. Ng5 {[%clk 0:37:33]} Rf8
{[%clk 0:00:47]} 27. Rh6+ {[%clk 0:22:38]} Kg7 {[%clk 0:00:44]} 28. Rg6+
{[%clk 0:15:27]} Kh8 {[%clk 0:01:13]} 29. Rh6+ {[%clk 0:14:23]} Kg7
{[%clk 0:01:41]} 30. Rh7+ {[%clk 0:14:45]} Kg8 {[%clk 0:02:06]} 31. Bg6
{[%clk 0:14:47]} Nxg2 {[%clk 0:00:32]} 32. Bf7+ {[%clk 0:11:11]} Rxf7
{[%clk 0:00:59]} 33. Rxf7 {[%clk 0:11:37]} Be3+ {[%clk 0:01:06]} 34. Kb1
{[%clk 0:07:06]} Bxg5 {[%clk 0:01:34]} 35. Rf1 {[%clk 0:05:12]} Nf4
{[%clk 0:00:33]} 36. Rg1 {[%clk 0:05:35]} Ne6 {[%clk 0:00:48]} 37. h4
{[%clk 0:06:02]} Kf7 {[%clk 0:01:03]} 38. hxg5 {[%clk 0:06:29]} Kg6
{[%clk 0:01:19]} 39. Re1 {[%clk 0:06:05]} Nc5 {[%clk 0:00:33]} 40. Kc2
{[%clk 0:34:37]} b6 {[%clk 0:31:01]} 41. Re5 {[%clk 0:33:58]} Na6
{[%clk 0:30:12]} 42. Kc3 {[%clk 0:33:12]} Nc7 {[%clk 0:30:12]} 43. Kd4
{[%clk 0:32:24]} 1-0

[Event "High League 2022 men"]
[Site "Obninsk"]
[Date "2022.06.26"]
[Round "1.4"]
[White "Shuvalova, Polina"]
[Black "Riazantsev, Alexander"]
[Result "1/2-1/2"]
[LiveChessVersion "1.4.7"]
[BlackElo "2635"]
[WhiteElo "2498"]

1. e4 {[%clk 1:30:57]} c6 {[%clk 1:30:45]} 2. d4 {[%clk 1:31:21]} d5
{[%clk 1:31:09]} 3. exd5 {[%clk 1:30:51]} cxd5 {[%clk 1:31:28]} 4. Bd3
{[%clk 1:31:12]} Nc6 {[%clk 1:30:12]} 5. c3 {[%clk 1:31:36]} Qc7 {[%clk 1:30:31]}
6. h3 {[%clk 1:30:16]} e5 {[%clk 1:27:15]} 7. dxe5 {[%clk 1:30:21]} Nxe5
{[%clk 1:27:36]} 8. Bc2 {[%clk 1:27:02]} Nf6 {[%clk 1:26:45]} 9. Nf3
{[%clk 1:26:36]} Bd6 {[%clk 1:22:57]} 10. O-O {[%clk 1:25:10]} O-O
{[%clk 1:19:06]} 11. Nxe5 {[%clk 1:23:16]} Bxe5 {[%clk 1:19:26]} 12. Be3
{[%clk 1:20:07]} Bh2+ {[%clk 1:12:38]} 13. Kh1 {[%clk 1:20:29]} Bf4
{[%clk 1:12:55]} 14. Qf3 {[%clk 1:14:16]} Bxe3 {[%clk 1:11:03]} 15. Qxe3
{[%clk 1:14:13]} Re8 {[%clk 1:10:51]} 16. Qd4 {[%clk 1:14:04]} Re2
{[%clk 0:59:16]} 17. Na3 {[%clk 1:08:57]} Qe7 {[%clk 0:56:26]} 18. Rab1
{[%clk 1:07:18]} Ne4 {[%clk 0:46:11]} 19. Bxe4 {[%clk 1:02:03]} Qxe4
{[%clk 0:43:42]} 20. Qxe4 {[%clk 1:00:27]} dxe4 {[%clk 0:41:17]} 21. Nb5
{[%clk 1:00:37]} Bd7 {[%clk 0:37:48]} 22. Nd4 {[%clk 0:59:56]} Rd2
{[%clk 0:38:05]} 23. Nb3 {[%clk 0:57:34]} Rc2 {[%clk 0:36:53]} 24. Nd4
{[%clk 0:57:49]} Rd2 {[%clk 0:37:13]} 25. Nb3 {[%clk 0:57:36]} Rc2
{[%clk 0:36:53]} 26. Nd4 {[%clk 0:57:59]} Rd2 {[%clk 0:36:35]} 1/2-1/2

[Event "High League 2022 men"]
[Site "Obninsk"]
[Date "2022.06.26"]
[Round "1.5"]
[White "Chigaev, Maksim"]
[Black "Salemgareev, Tagir"]
[Result "1-0"]
[LiveChessVersion "1.4.7"]
[BlackElo "2490"]
[WhiteElo "2631"]

1. e4 {[%clk 1:30:54]} c5 {[%clk 1:30:47]} 2. Nf3 {[%clk 1:31:16]} d6
{[%clk 1:31:11]} 3. d4 {[%clk 1:31:39]} cxd4 {[%clk 1:31:37]} 4. Nxd4
{[%clk 1:32:02]} Nf6 {[%clk 1:32:02]} 5. Nc3 {[%clk 1:32:24]} a6 {[%clk 1:32:29]}
6. g3 {[%clk 1:32:46]} e5 {[%clk 1:32:40]} 7. Nb3 {[%clk 1:32:45]} Be7
{[%clk 1:32:59]} 8. Bg2 {[%clk 1:32:51]} b5 {[%clk 1:33:01]} 9. O-O
{[%clk 1:32:41]} O-O {[%clk 1:30:10]} 10. Be3 {[%clk 1:32:46]} Be6
{[%clk 1:30:07]} 11. a4 {[%clk 1:29:57]} b4 {[%clk 1:29:55]} 12. Nd5
{[%clk 1:30:18]} Nxd5 {[%clk 1:29:52]} 13. exd5 {[%clk 1:30:36]} Bf5
{[%clk 1:30:08]} 14. a5 {[%clk 1:22:29]} Nd7 {[%clk 1:30:02]} 15. Qd2
{[%clk 1:22:04]} Qc7 {[%clk 1:28:24]} 16. Rfc1 {[%clk 1:20:57]} Rab8
{[%clk 1:24:30]} 17. Ra4 {[%clk 1:08:07]} Qb7 {[%clk 1:22:30]} 18. c3
{[%clk 1:07:08]} bxc3 {[%clk 1:22:33]} 19. Rxc3 {[%clk 1:07:31]} Nf6
{[%clk 1:16:39]} 20. Bb6 {[%clk 1:00:29]} e4 {[%clk 1:12:10]} 21. Rc6
{[%clk 0:50:26]} Nxd5 {[%clk 1:01:10]} 22. Qxd5 {[%clk 0:35:24]} Be6
{[%clk 1:01:34]} 23. Qxe4 {[%clk 0:28:01]} Bxb3 {[%clk 1:01:58]} 24. Qf4
{[%clk 0:25:26]} Bxa4 {[%clk 1:00:53]} 25. Rc7 {[%clk 0:25:42]} Qxc7
{[%clk 1:01:13]} 26. Bxc7 {[%clk 0:26:10]} Rbc8 {[%clk 1:01:37]} 27. Qxa4
{[%clk 0:25:39]} Rxc7 {[%clk 1:02:02]} 28. Bf1 {[%clk 0:25:58]} Rb8
{[%clk 0:59:02]} 29. Bxa6 {[%clk 0:24:59]} Rxb2 {[%clk 0:58:59]} 30. Bc4
{[%clk 0:15:59]} g6 {[%clk 0:46:12]} 31. a6 {[%clk 0:15:37]} Ra7 {[%clk 0:46:14]}
32. Bxf7+ {[%clk 0:08:37]} Kxf7 {[%clk 0:46:39]} 33. Qd4 {[%clk 0:09:01]} Rb1+
{[%clk 0:47:05]} 34. Kg2 {[%clk 0:09:27]} Rxa6 {[%clk 0:47:30]} 35. Qc4+
{[%clk 0:09:51]} d5 {[%clk 0:47:57]} 36. Qxa6 {[%clk 0:10:15]} Rb8
{[%clk 0:48:25]} 37. Qa2 {[%clk 0:09:31]} Rd8 {[%clk 0:48:46]} 38. f4
{[%clk 0:09:33]} Kf8 {[%clk 0:46:22]} 39. Qb3 {[%clk 0:09:43]} d4
{[%clk 0:46:42]} 40. Qd3 {[%clk 0:40:10]} Kg7 {[%clk 1:14:35]} 41. g4
{[%clk 0:38:11]} g5 {[%clk 1:05:23]} 42. Qe4 {[%clk 0:30:33]} 1-0

[Event "High League 2022 men"]
[Site "Obninsk"]
[Date "2022.06.26"]
[Round "1.6"]
[White "Zakhartsov, Vladimir"]
[Black "Ponkratov, Pavel"]
[Result "1/2-1/2"]
[LiveChessVersion "1.4.7"]
[BlackElo "2631"]
[WhiteElo "2483"]

1. c4 {[%clk 1:30:54]} Nf6 {[%clk 1:30:54]} 2. d4 {[%clk 1:30:58]} e6
{[%clk 1:31:19]} 3. Nf3 {[%clk 1:31:21]} d5 {[%clk 1:31:45]} 4. g3
{[%clk 1:31:07]} dxc4 {[%clk 1:32:10]} 5. Bg2 {[%clk 1:31:25]} Nc6
{[%clk 1:32:35]} 6. O-O {[%clk 1:31:15]} Rb8 {[%clk 1:32:55]} 7. e3
{[%clk 1:19:34]} Be7 {[%clk 1:27:58]} 8. Qe2 {[%clk 1:17:32]} b5 {[%clk 1:27:36]}
9. b3 {[%clk 1:17:56]} O-O {[%clk 1:27:20]} 10. a4 {[%clk 1:06:24]} cxb3
{[%clk 1:20:40]} 11. axb5 {[%clk 1:06:48]} Nb4 {[%clk 1:21:08]} 12. Rxa7
{[%clk 1:04:51]} Bd7 {[%clk 1:18:34]} 13. Na3 {[%clk 1:04:07]} Nc2
{[%clk 1:09:46]} 14. Ne5 {[%clk 1:03:57]} Bxa3 {[%clk 1:01:28]} 15. Nxd7
{[%clk 1:04:03]} Qxd7 {[%clk 1:01:52]} 16. Bxa3 {[%clk 1:04:28]} Nxa3
{[%clk 1:02:19]} 17. Rxa3 {[%clk 1:04:53]} Qxb5 {[%clk 1:02:39]} 18. Qb2
{[%clk 1:04:22]} Rb6 {[%clk 1:02:36]} 19. Rc1 {[%clk 1:04:21]} Qb4
{[%clk 0:56:09]} 20. Bf1 {[%clk 1:03:06]} Ne4 {[%clk 0:52:35]} 21. Bd3
{[%clk 1:02:08]} Nd2 {[%clk 0:51:27]} 22. Kg2 {[%clk 0:59:09]} e5
{[%clk 0:48:38]} 23. Rxc7 {[%clk 0:56:24]} exd4 {[%clk 0:47:45]} 24. e4
{[%clk 0:56:46]} g5 {[%clk 0:44:41]} 25. h3 {[%clk 0:47:28]} Rf6 {[%clk 0:38:43]}
26. Ra1 {[%clk 0:45:22]} Re8 {[%clk 0:37:28]} 27. Rd1 {[%clk 0:43:01]} Nxe4
{[%clk 0:35:57]} 28. Bxe4 {[%clk 0:39:16]} Rxe4 {[%clk 0:36:05]} 29. Rd3
{[%clk 0:35:27]} Qa5 {[%clk 0:23:14]} 30. Rc8+ {[%clk 0:32:51]} Kg7
{[%clk 0:23:36]} 31. Rxb3 {[%clk 0:23:52]} Qa6 {[%clk 0:23:17]} 32. Qc1
{[%clk 0:22:46]} Re5 {[%clk 0:17:07]} 33. Qc4 {[%clk 0:18:01]} Qd6
{[%clk 0:15:38]} 34. Rb5 {[%clk 0:16:59]} Ref5 {[%clk 0:08:58]} 35. Rxf5
{[%clk 0:16:27]} Rxf5 {[%clk 0:09:23]} 36. Qc6 {[%clk 0:13:42]} Qf6
{[%clk 0:07:21]} 37. Qxf6+ {[%clk 0:10:48]} Kxf6 {[%clk 0:07:47]} 38. Re8
{[%clk 0:10:43]} Rd5 {[%clk 0:07:29]} 39. Kf3 {[%clk 0:09:54]} Rf5+
{[%clk 0:07:54]} 40. Kg2 {[%clk 0:40:16]} Ra5 {[%clk 0:35:08]} 41. Re4
{[%clk 0:37:43]} Rd5 {[%clk 0:35:26]} 42. Kf3 {[%clk 0:37:44]} d3
{[%clk 0:32:18]} 43. Re1 {[%clk 0:38:09]} h5 {[%clk 0:32:35]} 44. Rd1
{[%clk 0:37:31]} h4 {[%clk 0:30:09]} 45. Ke4 {[%clk 0:35:41]} Re5+
{[%clk 0:30:32]} 46. Kf3 {[%clk 0:36:07]} Rf5+ {[%clk 0:30:45]} 47. Ke3
{[%clk 0:36:27]} g4 48. hxg4 {[%clk 0:35:50]} Re5+ {[%clk 0:30:54]} 49. Kd2
{[%clk 0:33:31]} hxg3 {[%clk 0:30:32]} 50. fxg3 {[%clk 0:33:56]} Kg5
{[%clk 0:30:59]} 51. Rf1 {[%clk 0:34:22]} Kxg4 {[%clk 0:31:26]} 52. Rxf7
{[%clk 0:34:47]} Kxg3 {[%clk 0:31:53]} 53. Kxd3 {[%clk 0:35:13]} 1/2-1/2

[Event "High League 2022 men"]
[Site "Obninsk"]
[Date "2022.06.26"]
[Round "1.7"]
[White "Paravyan, David"]
[Black "Shubin, Kirill"]
[Result "0-1"]
[LiveChessVersion "1.4.7"]
[BlackElo "2475"]
[WhiteElo "2620"]

1. e4 {[%clk 1:30:57]} c5 {[%clk 1:30:56]} 2. Nf3 {[%clk 1:31:23]} e6
{[%clk 1:31:23]} 3. d4 {[%clk 1:31:46]} cxd4 {[%clk 1:31:50]} 4. Nxd4
{[%clk 1:32:10]} Nf6 {[%clk 1:32:17]} 5. Nc3 {[%clk 1:32:34]} Bb4
{[%clk 1:32:44]} 6. e5 {[%clk 1:25:55]} Nd5 {[%clk 1:33:03]} 7. Qg4
{[%clk 1:23:14]} Kf8 {[%clk 1:32:37]} 8. Bd2 {[%clk 1:17:21]} h5 {[%clk 1:32:57]}
9. Qe2 {[%clk 1:11:14]} Nxc3 {[%clk 1:33:15]} 10. bxc3 {[%clk 1:11:30]} Be7
{[%clk 1:22:58]} 11. g3 {[%clk 1:11:10]} b6 {[%clk 1:15:34]} 12. Qf3
{[%clk 0:26:09]} Nc6 {[%clk 1:15:16]} 13. Nxc6 {[%clk 0:26:34]} dxc6
{[%clk 1:00:33]} 14. Bd3 {[%clk 0:26:05]} Qc7 {[%clk 0:54:19]} 15. O-O
{[%clk 0:21:39]} Bb7 {[%clk 0:53:51]} 16. Bg6 {[%clk 0:20:38]} Bd8
{[%clk 0:52:26]} 17. h4 {[%clk 0:17:13]} c5 {[%clk 0:48:10]} 18. Be4
{[%clk 0:17:36]} Rb8 {[%clk 0:48:26]} 19. a4 {[%clk 0:12:59]} Bxe4
{[%clk 0:42:09]} 20. Qxe4 {[%clk 0:13:23]} g6 {[%clk 0:42:30]} 21. c4
{[%clk 0:09:16]} Kg7 {[%clk 0:41:55]} 22. Rfd1 {[%clk 0:08:15]} Be7
{[%clk 0:41:14]} 23. a5 {[%clk 0:05:18]} Rhd8 {[%clk 0:40:29]} 24. axb6
{[%clk 0:01:21]} axb6 {[%clk 0:40:46]} 25. Bc3 {[%clk 0:01:48]} Rxd1+
{[%clk 0:36:08]} 26. Rxd1 {[%clk 0:02:13]} b5 {[%clk 0:35:22]} 27. cxb5
{[%clk 0:01:55]} Rxb5 {[%clk 0:35:43]} 28. Kg2 {[%clk 0:02:15]} Rb8
{[%clk 0:32:17]} 29. Qf3 {[%clk 0:02:29]} Qb7 {[%clk 0:30:29]} 30. Qxb7
{[%clk 0:02:41]} Rxb7 {[%clk 0:30:55]} 31. Ra1 {[%clk 0:01:53]} Rd7
{[%clk 0:29:18]} 32. Kf3 {[%clk 0:01:35]} Bf8 {[%clk 0:25:16]} 33. Ke3
{[%clk 0:01:41]} Be7 {[%clk 0:25:21]} 34. Ke2 {[%clk 0:01:52]} Kf8
{[%clk 0:21:59]} 35. Ra8+ {[%clk 0:01:52]} Kg7 {[%clk 0:22:21]} 36. Ra5
{[%clk 0:00:49]} Kf8 {[%clk 0:22:02]} 37. Ra8+ {[%clk 0:00:36]} Kg7
{[%clk 0:22:28]} 38. Ra5 {[%clk 0:00:46]} Kf8 {[%clk 0:22:53]} 39. Bd2
{[%clk 0:00:43]} Rd5 {[%clk 0:21:38]} 40. Ra8+ {[%clk 0:30:34]} Kg7
{[%clk 0:51:59]} 41. Bf4 {[%clk 0:28:51]} Rd7 {[%clk 0:48:39]} 42. Bc1
{[%clk 0:19:44]} Rd5 {[%clk 0:47:01]} 43. Bb2 {[%clk 0:17:22]} g5
{[%clk 0:46:30]} 44. Ra7 {[%clk 0:17:05]} gxh4 {[%clk 0:45:45]} 45. gxh4
{[%clk 0:04:14]} Bxh4 {[%clk 0:45:44]} 46. f4 {[%clk 0:04:41]} Kg6
{[%clk 0:44:23]} 47. Bc1 {[%clk 0:02:20]} f6 {[%clk 0:42:46]} 48. Be3
{[%clk 0:00:35]} fxe5 {[%clk 0:42:39]} 49. c4 {[%clk 0:00:58]} Rd8
{[%clk 0:42:41]} 50. fxe5 {[%clk 0:01:21]} Bg5 {[%clk 0:41:30]} 51. Bxc5
{[%clk 0:00:37]} Rc8 {[%clk 0:41:55]} 52. Ra5 {[%clk 0:00:36]} h4
{[%clk 0:42:00]} 53. Kd3 {[%clk 0:00:32]} h3 {[%clk 0:41:48]} 54. Bd6
{[%clk 0:00:39]} h2 {[%clk 0:40:57]} 55. Ra1 {[%clk 0:01:06]} Kf5
{[%clk 0:40:47]} 56. Rh1 {[%clk 0:00:32]} Bf4 {[%clk 0:41:13]} 57. c5
{[%clk 0:00:52]} Rg8 {[%clk 0:41:05]} 58. c6 {[%clk 0:01:16]} Rg1
{[%clk 0:41:30]} 59. c7 {[%clk 0:01:18]} Rxh1 {[%clk 0:41:57]} 60. c8=Q
{[%clk 0:01:42]} Rd1+ {[%clk 0:42:22]} 61. Ke2 {[%clk 0:01:49]} Rd2+
{[%clk 0:42:38]} 62. Kf3 {[%clk 0:02:16]} h1=Q# 0-1

[Event "High League 2022 men"]
[Site "Obninsk"]
[Date "2022.06.26"]
[Round "1.8"]
[White "Yeletsky, Ivan"]
[Black "Dreev, Aleksey"]
[Result "1/2-1/2"]
[LiveChessVersion "1.4.7"]
[BlackElo "2610"]
[WhiteElo "2474"]

1. e4 c6 2. d4 d5 3. e5 Bf5 4. h4 a6 5. Nc3 h5 6. Bg5 Qb6 7. Na4 Qc7 8. b4 e6 9.
c3 Nd7 10. Bd3 Ne7 11. Bxe7 Bxe7 12. Ne2 Bxd3 13. Qxd3 a5 14. b5 cxb5 15. Qxb5
Qc6 16. Rb1 Qxb5 17. Rxb5 b6 18. Kd2 Bd8 19. f4 g6 20. g3 f6 21. exf6 Rc8 22. Kd3
Kf7 23. Rc1 Kxf6 24. c4 dxc4+ 25. Rxc4 Rxc4 26. Kxc4 Bc7 27. Nec3 Rc8 28. Kd3 Bd8
29. Ne4+ Ke7 30. Rg5 Nf8 31. Nac3 Rc6 32. Nd2 Kf7 33. Rb5 Nd7 34. Nc4 Bf6 35. Na4
Bd8 36. Nc3 Bf6 37. Ne4 Be7 38. a4 Bb4 39. Ng5+ Ke7 40. Nf3 Rc8 41. Rg5 Rd8 42.
Nfe5 Nxe5+ 43. Nxe5 Rc8 44. Rxg6 Rc3+ 45. Ke4 Ra3 46. d5 exd5+ 47. Kxd5 Rxa4 48.
Rxb6 Bc3 49. Rb7+ Kd8 50. Nf7+ Ke8 51. Ke6 Re4+ 52. Ne5 Kd8 53. Kd6 Rd4+ 54. Kc6
Rd1 55. Nf7+ Ke8 56. Nd6+ Kf8 57. Ne4 Rd4 58. Ng5 Rd3 59. f5 Kg8 60. Rb3 a4 61.
Ra3 Rd6+ 62. Kc5 Be5 63. Rxa4 Rf6 64. Kd5 Bxg3 65. Ne4 Rxf5+ 66. Ke6 Rf3 67. Nf6+
Kg7 68. Nxh5+ Kg6 69. Nxg3 Rxg3 70. h5+ 1/2-1/2

[Event "High League 2022 men"]
[Site "Obninsk"]
[Date "2022.06.26"]
[Round "1.9"]
[White "Lysyj, Igor"]
[Black "Belyakov, Bogdan"]
[Result "1-0"]
[LiveChessVersion "1.4.7"]
[BlackElo "2448"]
[WhiteElo "2604"]

1. d4 {[%clk 1:30:57]} Nf6 {[%clk 1:30:48]} 2. Nf3 {[%clk 1:31:09]} e6
{[%clk 1:31:07]} 3. c4 {[%clk 1:31:33]} d5 {[%clk 1:31:23]} 4. Nc3
{[%clk 1:31:55]} c5 {[%clk 1:29:21]} 5. e3 {[%clk 1:30:25]} Nc6 {[%clk 1:27:55]}
6. a3 {[%clk 1:28:42]} a6 {[%clk 1:20:59]} 7. dxc5 {[%clk 1:28:32]} Bxc5
{[%clk 1:20:30]} 8. b4 {[%clk 1:28:53]} Be7 {[%clk 1:20:30]} 9. Bb2
{[%clk 1:25:27]} O-O {[%clk 1:14:42]} 10. cxd5 {[%clk 1:25:14]} exd5
{[%clk 1:13:43]} 11. Be2 {[%clk 1:17:37]} Be6 {[%clk 0:57:43]} 12. Qd3
{[%clk 0:50:43]} b5 {[%clk 0:43:35]} 13. O-O {[%clk 0:47:16]} Qb6
{[%clk 0:40:21]} 14. Rfd1 {[%clk 0:44:49]} Rfd8 {[%clk 0:37:49]} 15. Rac1
{[%clk 0:43:59]} Rac8 {[%clk 0:31:07]} 16. Qb1 {[%clk 0:37:23]} Qb8
{[%clk 0:23:59]} 17. h3 {[%clk 0:36:25]} h6 {[%clk 0:22:00]} 18. Bd3
{[%clk 0:35:34]} Bf8 {[%clk 0:13:58]} 19. Ne2 {[%clk 0:35:02]} Nd7
{[%clk 0:14:08]} 20. Bh7+ {[%clk 0:30:50]} Kh8 {[%clk 0:14:33]} 21. Bf5
{[%clk 0:29:48]} Ne7 {[%clk 0:07:12]} 22. Bxe6 {[%clk 0:27:42]} fxe6
{[%clk 0:07:36]} 23. e4 {[%clk 0:27:51]} Kg8 {[%clk 0:05:03]} 24. Ned4
{[%clk 0:25:19]} Qd6 {[%clk 0:03:28]} 25. exd5 {[%clk 0:23:43]} Rxc1
{[%clk 0:02:06]} 26. Qxc1 {[%clk 0:20:23]} exd5 {[%clk 0:02:31]} 27. Re1
{[%clk 0:20:39]} Nb6 {[%clk 0:01:46]} 28. Re6 {[%clk 0:18:39]} Qb8
{[%clk 0:02:12]} 29. Ne5 {[%clk 0:17:37]} Nc4 {[%clk 0:00:53]} 30. Nec6
{[%clk 0:16:18]} Nxc6 {[%clk 0:01:18]} 31. Nxc6 {[%clk 0:16:41]} Qc8
{[%clk 0:01:34]} 32. Nxd8 {[%clk 0:17:03]} Qxd8 {[%clk 0:02:01]} 33. Bd4
{[%clk 0:15:56]} Qc8 {[%clk 0:02:09]} 34. Rg6 {[%clk 0:14:29]} Kh7
{[%clk 0:00:46]} 35. Rxh6+ {[%clk 0:13:32]} Kg8 {[%clk 0:00:56]} 36. Qc2
{[%clk 0:13:12]} Qd8 {[%clk 0:00:39]} 37. Qh7+ {[%clk 0:13:21]} 1-0